书目信息 |
| 题名: |
类风湿性关节炎
|
|
| 作者: | 李大庆 , 崔昕 编著 | |
| 分册: | ||
| 出版信息: | 北京 农村读物出版社 2000.07 |
|
| 页数: | 187页 | |
| 开本: | 32开 | |
| 丛书名: | ||
| 单 册: | ||
| 中图分类: | R593.22 | |
| 科图分类: | ||
| 主题词: | 全身性疾病 | |
| 电子资源: | ||
| ISBN: | 7-5048-3135-2 | |
| 000 | 00595nam0 2200205 45 | |
| 001 | 0011061533 | |
| 005 | 20001106155330.8 | |
| 010 | @a7-5048-3135-2@d8.30元 | |
| 100 | @a20001106d2000 km y0chiy0120 ea | |
| 101 | 0 | @achi |
| 105 | @a z 000yy | |
| 200 | 1 | @a类风湿性关节炎@ALei Feng Shi Xing Guan Jie Yan@f李大庆,崔昕编著@FLi Da Qing,Cui Xin Bian Zhu |
| 210 | @a北京@c农村读物出版社@d2000.07 | |
| 215 | @a187页@d32开 | |
| 606 | 0 | @a全身性疾病 |
| 690 | @aR593.22@v3 | |
| 701 | 0 | @a李大庆@4编著 |
| 701 | 0 | @a崔昕@4编著 |
| 801 | @aCN@bPftUser@c20001106 | |
| 905 | @b199374-376@dR593.22@eL692@f3 | |
| 类风湿性关节炎/李大庆,崔昕编著.-北京:农村读物出版社,2000.07 |
| 187页;32开 |
| ISBN 7-5048-3135-2:8.30元 |
| ● |
| 相关链接 |
|
|
|
正题名:类风湿性关节炎
索取号:R593.22/L692
 
预约/预借
| 序号 | 登录号 | 条形码 | 馆藏地/架位号 | 状态 | 备注 |
| 1 | 199374 | 201993744 | 自科库401/401自科库 19排2列3层/ [索取号:R593.22/L692] | 在馆 | |
| 2 | 199375 | 201993753 | 自科库401/ [索取号:R593.22/L692] | 在馆 | |
| 3 | 199376 | 201993762 | 自科库401/401自科库 19排2列3层/ [索取号:R593.22/L692] | 在馆 |